000 00355nam a2200133Ia 4500
008 220217s9999||||xx |||||||||||||| ||und||
020 _a9788131518892
082 _a510
100 _aKhurana, Rohit
_95499
245 0 _aEngineering mathematics 1
260 _aCengage learning
_bNew Delhi
_c2014
300 _aXXI, 1240p.
_b775
650 _aMathematics
999 _c189010
_d189010